000 00565nam a2200181Ia 4500
001 5121
005 20260306145845.0
008 260306t2022||||xx |||||||||||||| ||spa||
041 _aESP
082 _a333.7
_bP28
100 _aPatón García, Gemma,
_eAUT
245 0 _aFiscalidad de residuos orientada a una economía circular :
_banálisis tras la Ley 7/2022, de 8 de abril, de residuos y suelos contaminados para una economía circularP
260 _c2022
300 _a140 páginas :
_c23 cm.
650 _aGEN
654 _aCAN
942 _cLIB
_dJUS
_fJUS
_2ddc
_n
999 _c5121
_d5121